Enfermedades de los frutales y procedimientos para combatirlas /

Guardado en:
Autor Principal: Marchionatto, Juan B.
Formato: Libro
Publicado: Buenos Aires : Sudamericana, 1950
Edición:3a. ed.
Series:Enciclopedia Agropec.argentina
Materias:
Etiquetas: Agregar Etiqueta
Sin Etiquetas, Sea el primero en etiquetar este registro!
LEADER 00646nam a22002055a 4500
001 CEM.cems004148
008 130507s1950##################000#0#####d
005 20210907173813.0
003 CEMS
245 1 0 |a Enfermedades de los frutales y procedimientos para combatirlas / 
250 |a 3a. ed. 
260 |a Buenos Aires :  |b Sudamericana,  |c 1950 
300 |a 180 p. 
490 0 |a Enciclopedia Agropec.argentina 
100 1 |a Marchionatto, Juan B. 
082 0 4 |a 634 
653 |a Agricultura 
653 |a Fruticultura 
859 |a CEMS  |b BIB. CEMS - Agricultura  |h 634  |i M375a3  |p A6140.77  |t Ej.1 
859 |a CEMS  |b BIB. CEMS - Agricultura  |h 634  |i M375a3  |p A15978.90  |t Ej.2